000 00956nam a2200277Ia 4500
003 OSt
005 20221005111139.0
006 a|||||r|||| 00| 0
007 ta
008 221004b |||||||| |||| 00| 0 hin d
020 _a9788181437464 (hbk)
_c125
024 _a13870
037 _b338, 20/03/2014, Vani Prakashan
_cTextual
040 _aCRL
_cCRL
_bhin
041 _2hin
_ahin
082 _aO152,3N383,AB, P8
100 _aकालिया, रवीन्द्र
245 0 _aए. बी. सी. डी
246 _aE. Bī. Sī. Ḍī
250 _a2 संस्करण
260 _aनई दिल्ली
_bवाणी प्रकाशन भारत
_c2008
300 _a97पृ0
_ccm.
650 _aहिन्दी साहित्य
942 _hO152,3N383,AB, P8
_cTEXL
_2cc
999 _c1020959
_d1020959